La pyme y sus aportes al desarrollo de Colombia : (Registro nro. 12355)

Detalles MARC
000 -LEADER
fixed length control field 01721cam a2200277 a 4500
003 - CONTROL NUMBER IDENTIFIER
control field OSt
005 - DATE AND TIME OF LATEST TRANSACTION
control field 20210830162111.0
008 - FIXED-LENGTH DATA ELEMENTS--GENERAL INFORMATION
fixed length control field 070530s2006 ck ad r 000 0 spa d
020 ## - INTERNATIONAL STANDARD BOOK NUMBER
International Standard Book Number 9589285651
040 ## - CATALOGING SOURCE
Original cataloging agency CO-BoPUJ
Transcribing agency CO-JMCR
041 0# - LANGUAGE CODE
Language code of text/sound track or separate title spa
082 04 - DEWEY DECIMAL CLASSIFICATION NUMBER
Classification number 338.642 /
Item number N735p
Edition number 23
100 1# - MAIN ENTRY--PERSONAL NAME
Personal name Nivia Guevara, Leonardo,
Relator term autor
9 (RLIN) 39790
245 13 - TITLE STATEMENT
Title La pyme y sus aportes al desarrollo de Colombia :
Remainder of title la historia de ACOPI, 1951-2006 /
Statement of responsibility, etc. Leonardo Nivia Guevara, Fabián Camilo Ramírez Piza y Clara Inés Forero Bravo
260 ## - PUBLICATION, DISTRIBUTION, ETC.
Place of publication, distribution, etc. Bogotá :
Name of publisher, distributor, etc. Fundación Konrad Adenauer Stiftung,
Date of publication, distribution, etc. 2006.
300 ## - PHYSICAL DESCRIPTION
Extent 199 páginas :
Other physical details ilustraciones, cuadros y gráficas ;
Dimensions 24 cm.
504 ## - BIBLIOGRAPHY, ETC. NOTE
Bibliography, etc. note Incluye referencias bibliográficas.
505 0# - FORMATTED CONTENTS NOTE
Formatted contents note 1957-1962: Ciclo de dificultades. -- Segundo periodo1958-1974. -- Tercer periodo: después del frente nacional plan para cerrar la brecha. -- Periodo 1986-1990. ACOPI conforma su prospecto ideológico. -- Desarrollo institucional en la década de los 80. -- El ciclo de la desindustrialización. -- Hacia la reindustrialización colombiana. -- Política publica PYME. -- ACOPI celebra sus 50 años de vida institucional. -- En busca del tiempo perdido. -- El papel de los gremios empresariales PYME.
610 24 - SUBJECT ADDED ENTRY--CORPORATE NAME
Corporate name or jurisdiction name as entry element Asociación Colombiana de la Micro, Pequeñas y Medianas Empresas
General subdivision Historia
9 (RLIN) 39791
650 24 - SUBJECT ADDED ENTRY--TOPICAL TERM
Topical term or geographic name entry element Pequeña y mediana empresa
General subdivision Historia
Geographic subdivision Colombia
9 (RLIN) 39792
650 24 - SUBJECT ADDED ENTRY--TOPICAL TERM
Topical term or geographic name entry element Microempresas
General subdivision Historia
Geographic subdivision Colombia
9 (RLIN) 39793
700 1# - ADDED ENTRY--PERSONAL NAME
Personal name Ramírez Piza, Fabián Camilo
Relator term autor
9 (RLIN) 39794
700 1# - ADDED ENTRY--PERSONAL NAME
Personal name Forero Bravo, Clara Inés
Relator term autor
9 (RLIN) 39795
942 ## - ADDED ENTRY ELEMENTS (KOHA)
Source of classification or shelving scheme Dewey Decimal Classification
Koha item type Books
Existencias
Withdrawn status Lost status Source of classification or shelving scheme Damaged status Not for loan Home library Current library Shelving location Date acquired Source of acquisition Full call number Barcode Date last seen Copy number Price effective from Koha item type
    Dewey Decimal Classification     Biblioteca Pública José María del Castillo y Rada Biblioteca Pública José María del Castillo y Rada General Stacks 04/15/2018 Donación 338.642 / N735p 430005873 05/16/2024 Ej.1 03/10/2021 Books